Physics of energy sources (Record no. 53615)

MARC details
000 -LEADER
fixed length control field 02442nam a2200337 a 4500
001 - CONTROL NUMBER
control field 19380746
008 - FIXED-LENGTH DATA ELEMENTS--GENERAL INFORMATION
fixed length control field 181022s2018 ||||||||||||||||| || u
010 ## - LIBRARY OF CONGRESS CONTROL NUMBER
LC control number 2016050484
020 ## - INTERNATIONAL STANDARD BOOK NUMBER
International Standard Book Number 9781119961673
020 ## - INTERNATIONAL STANDARD BOOK NUMBER
International Standard Book Number 111996167X
020 ## - INTERNATIONAL STANDARD BOOK NUMBER
International Standard Book Number 1119961688
020 ## - INTERNATIONAL STANDARD BOOK NUMBER
International Standard Book Number 9781119961680
050 ## - LIBRARY OF CONGRESS CALL NUMBER
Classification number TJ 163.2 Kin
100 ## - MAIN ENTRY--PERSONAL NAME
Personal name King, George C
245 10 - TITLE STATEMENT
Title Physics of energy sources
Statement of responsibility, etc. By George C. King, University of Manchester, UK.
260 ## - PUBLICATION, DISTRIBUTION, ETC.
Place of publication, distribution, etc. Hoboken:
Name of publisher, distributor, etc. Wiley
Date of publication, distribution, etc. 2018
300 ## - PHYSICAL DESCRIPTION
Extent xiv, 405p.: ill.
336 ## - CONTENT TYPE
Content type term text
Source rdacontent
337 ## - MEDIA TYPE
Media type term unmediated
Source rdamedia
338 ## - CARRIER TYPE
Carrier type term volume
Source rdacarrier
350 ## - PRICE (NR) (BK AM CF MU VM SE) [OBSOLETE]
Price 45.00
490 ## - SERIES STATEMENT
Series statement Manchester physics series
505 ## - FORMATTED CONTENTS NOTE
Formatted contents note The atomic nucleus -- Nuclear power -- Solar power -- Semiconductor solar cells -- Wind power -- Water power -- Energy storage.
520 ## - SUMMARY, ETC.
Summary, etc. "The aim of this textbook is to equip the reader with an in-depth knowledge of energy generation that transcends current conventional methods of extracting from fossil fuels. Each chapter contains thorough analyses into alternative energy generation, focussing on the physical principles, commonalities and complementary features, in addition to basic thermodynamic considerations, of energy sources and techniques, including: - Nuclear Power - fission, fusion, plasma heating, magnetic confinement and radiation - Solar Power - fusion in stars, proton-proton cycle and blackbody radiation - Wind Power -- production and efficiency - Water Power -- wave motion - Hydroelectric/geothermal power The Physics of Energy Sources includes well-informed estimates of future global energy requirements and consumption, including efficiency levels of power production, energy transportation and storage relative to the function of time. Important environmental issues are tackled through discussions about the advantages and disadvantages of each method. The worked examples, sets of problems and worked solutions act as valuable references for both student and professional"-- Provided by publisher.
650 #0 - SUBJECT ADDED ENTRY--TOPICAL TERM
Topical term or geographic name entry element PHYSICS
650 #0 - SUBJECT ADDED ENTRY--TOPICAL TERM
Topical term or geographic name entry element POWER RESOURCES
650 #0 - SUBJECT ADDED ENTRY--TOPICAL TERM
Topical term or geographic name entry element RENEWABLE ENERGY SOURCES
856 ## - ELECTRONIC LOCATION AND ACCESS
Uniform Resource Identifier <a href="https://www.loc.gov/catdir/enhancements/fy1702/2016050484-d.html">https://www.loc.gov/catdir/enhancements/fy1702/2016050484-d.html</a>
856 ## - ELECTRONIC LOCATION AND ACCESS
Uniform Resource Identifier <a href="https://www.loc.gov/catdir/enhancements/fy1702/2016050484-t.html">https://www.loc.gov/catdir/enhancements/fy1702/2016050484-t.html</a>
995 ## - RECOMMENDATION 995 [LOCAL, UNIMARC FRANCE]
-- CBU-MAIN LIBRARY (Kitwe)
-- 45.00
-- 1
-- AVAILABLE
-- Oct 22, 2018
-- Main Library Open Access Collection
Holdings
Withdrawn status Lost status Source of classification or shelving scheme Damaged status Not for loan Home library Current library Shelving location Date acquired Total Checkouts Full call number Barcode Date last seen Price effective from Koha item type
          CBU-MAIN LIBRARY, KITWE. CBU-MAIN LIBRARY, KITWE.   11/30/2022   TJ 163.2 Kin 748687 11/30/2022 11/30/2022 MONOGRAPH